[Event "RSA-ch"]
[Site "Cape Town"]
[Date "2024.03.28"]
[Round "4"]
[White "Simpson, Michael"]
[Black "Levitan, Caleb Levi"]
[Result "0-1"]
[WhiteElo "2093"]
[BlackElo "2235"]
[PlyCount "126"]
[EventDate "2024.03.25"]
[EventType "tourn"]
[EventRounds "11"]
[EventCountry "RSA"]
[SourceTitle "CB14_2024"]
[SourceDate "2024.04.01"]
[SourceVersion "1"]
[SourceVersionDate "2024.04.01"]
[SourceQuality "1"]

1. e4 c5 2. Nf3 e6 3. d4 cxd4 4. Nxd4 Nf6 5. Nc3 Nc6 6. Nxc6 bxc6 7. e5 Nd5 8. Ne4 Bb7 9. c4 Nb4 10. Bd3 Qa5 11. 0-0 Qxe5 12. Bb1 d5 13. Ng5 dxc4 14. Qh5 g6 15. Qf3 f5 16. Bf4 Qd5 17. Qc3 c5 18. Be4 fxe4 19. Qxh8 e3 20. Nf3 e2 21. Rfe1 Nd3 22. Bd2 Nxe1 23. Rxe1 0-0-0 24. Rxe2 Qd3 25. Qe5 Bd5 26. Re3 Bd6 27. Qc3 Qb1+ 28. Re1 Qxa2 29. Ne5 Qb3 30. Nf7 Qxc3 31. Bxc3 Rd7 32. Nxd6+ Rxd6 33. f3 Kb7 34. Kf2 Ra6 35. h4 Rc6 36. Kg3 Kb6 37. Kf4 Kb5 38. h5 gxh5 39. Rh1 Rc7 40. Rxh5 a5 41. Rh1 Ra7 42. Ke3 a4 43. Ra1 Ra8 44. g4 Rd8 45. Bf6 Rd7 46. f4 Bc6 47. g5 Rd3+ 48. Ke2 Kb4 49. Ke1 Kb3 50. Rc1 Bd5 51. Ra1 Bc6 52. Ke2 Kc2 53. Be5 Rb3 54. Bf6 Rxb2 55. Be7 Kb3+ 56. Ke3 a3 57. Bxc5 a2 58. Bd4 c3 59. Be5 Bd5 60. Rc1 Rc2 61. Ra1 Kb2 62. Kd3 Be4+ 63. Kxe4 Kxa1 0-1

[Event "Skalica op-A"]
[Site "Skalica"]
[Date "2023.08.22"]
[Round "4"]
[White "Sahidi, Samir"]
[Black "Simpson, Michael"]
[Result "1-0"]
[WhiteElo "2497"]
[BlackElo "2069"]
[PlyCount "83"]
[EventDate "2023.08.19"]
[EventType "swiss"]
[EventRounds "9"]
[EventCountry "SVK"]
[SourceTitle "CBM 215 Extra"]
[Source "ChessBase"]
[SourceDate "2023.09.30"]
[SourceVersion "1"]
[SourceVersionDate "2023.09.30"]
[SourceQuality "1"]

1. e4 c5 2. Nf3 d6 3. d4 cxd4 4. Nxd4 Nf6 5. Nc3 a6 6. Bc4 e6 7. Bb3 Nbd7 8. 0-0 Nc5 9. Qe2 Be7 10. f4 0-0 11. f5 Qc7 12. Bg5 b5 13. a3 h6 14. Bh4 Nxb3 15. cxb3 e5 16. Bxf6 Bxf6 17. Nc2 Bb7 18. Ne3 Bg5 19. Ned5 Qc5+ 20. Kh1 Kh7 21. Rad1 Rac8 22. Qg4 Be3 23. b4 Qa7 24. Rf3 Bxd5 25. Nxd5 Bc1 26. Rc3 Rxc3 27. bxc3 Bxa3 28. f6 g6 29. Qe2 a5 30. Qa2 axb4 31. cxb4 Ra8 32. Ne7 d5 33. Qxd5 Rf8 34. Nc6 Qa4 35. Nxe5 Bxb4 36. Nd7 Kg8 37. Nxf8 Bxf8 38. e5 Qg4 39. h3 Qe2 40. Rc1 h5 41. Rc7 Qd1+ 42. Qxd1 1-0

[Event "Wch FIDE Online U14"]
[Site "Tornelo INT"]
[Date "2020.12.19"]
[Round "1.1"]
[White "Gukesh, Dommaraju"]
[Black "Simpson, Michael"]
[Result "1-0"]
[WhiteElo "2563"]
[BlackElo "1761"]
[PlyCount "97"]
[EventDate "2020.12.19"]
[EventType "k.o. (rapid)"]
[EventRounds "4"]
[EventCountry "ISS"]
[SourceTitle "EXT 2022"]
[Source "ChessBase"]
[SourceDate "2021.10.06"]
[SourceVersion "1"]
[SourceVersionDate "2021.10.06"]
[SourceQuality "1"]

1. d4 d5 2. Nf3 Nc6 3. Bf4 Bf5 4. e3 e6 5. Bd3 Bg6 6. 0-0 Bd6 7. Bxd6 cxd6 8. c4 Bxd3 9. Qxd3 dxc4 10. Qxc4 d5 11. Qd3 Nf6 12. Nbd2 0-0 13. a3 Rc8 14. Rfc1 Qd7 15. Rc2 Ne7 16. Ne5 Qd6 17. Rac1 Rxc2 18. Qxc2 Ng6 19. Qc7 Ne8 20. Qxb7 Nxe5 21. dxe5 Qxe5 22. Nf3 Qf6 23. Nd4 e5 24. Nc6 Nd6 25. Qxa7 Ne4 26. f3 Nd2 27. Qe7 Qg6 28. Nxe5 Qf5 29. Qb4 Nc4 30. Nxc4 dxc4 31. Qxc4 Qe5 32. Qd4 Qb5 33. h4 h6 34. b4 Ra8 35. Qe4 Rb8 36. Kh2 Qa6 37. Qf4 Ra8 38. Rc7 Rf8 39. Rc3 Ra8 40. Qe5 Qb6 41. b5 Qg6 42. Rc6 Qd3 43. b6 Qb3 44. Qf5 g6 45. Qf4 Kg7 46. h5 Qd5 47. Qf6+ Kg8 48. hxg6 Qh5+ 49. Kg1 1-0

[Event "Wch FIDE Online U14"]
[Site "Tornelo INT"]
[Date "2020.12.19"]
[Round "1.2"]
[White "Simpson, Michael"]
[Black "Gukesh, Dommaraju"]
[Result "0-1"]
[WhiteElo "1761"]
[BlackElo "2563"]
[PlyCount "60"]
[EventDate "2020.12.19"]
[EventType "k.o. (rapid)"]
[EventRounds "4"]
[EventCountry "ISS"]
[SourceTitle "EXT 2022"]
[Source "ChessBase"]
[SourceDate "2021.10.06"]
[SourceVersion "1"]
[SourceVersionDate "2021.10.06"]
[SourceQuality "1"]

1. e4 c5 2. Nf3 Nc6 3. d4 cxd4 4. Nxd4 Nf6 5. Nc3 e5 6. Ndb5 d6 7. Bg5 a6 8. Na3 b5 9. Bxf6 gxf6 10. Nd5 Bg7 11. Bd3 Ne7 12. Nxe7 Qxe7 13. 0-0 0-0 14. c4 f5 15. Qh5 Qb7 16. cxb5 fxe4 17. bxa6 Rxa6 18. Bxa6 Qxa6 19. Rfe1 d5 20. Qe2 Qg6 21. Nb5 Bg4 22. Qf1 d4 23. Kh1 d3 24. f3 exf3 25. gxf3 Qc6 26. Re4 f5 27. Re3 e4 28. fxg4 f4 29. Rg3 fxg3 30. Qg2 Qxb5 0-1

[Event "Africa-ch U12"]
[Site "Windhoek"]
[Date "2019.12.21"]
[Round "9.1"]
[White "Pido, Edwin"]
[Black "Simpson, Michael"]
[Result "0-1"]
[WhiteElo "1215"]
[BlackElo "1580"]
[PlyCount "92"]
[EventDate "2019.12.16"]
[EventType "swiss"]
[EventRounds "9"]
[EventCountry "NAM"]
[SourceTitle "EXT 2024"]
[Source "ChessBase"]
[SourceDate "2023.10.10"]
[SourceVersion "1"]
[SourceVersionDate "2023.10.10"]
[SourceQuality "1"]

1. e4 c5 2. Nf3 a6 3. c3 d5 4. exd5 Nf6 5. d4 cxd4 6. Qxd4 Qxd5 7. Qxd5 Nxd5 8. Bd3 Nc6 9. 0-0 Bg4 10. Nbd2 Nf4 11. Bc4 b5 12. Bb3 Ne2+ 13. Kh1 e6 14. Re1 Nxc1 15. Raxc1 Be7 16. h3 Bh5 17. g4 Bg6 18. Bc2 Bxc2 19. Rxc2 0-0 20. Kg2 Rac8 21. Ne4 Rfd8 22. Rd2 Na5 23. Red1 Nc4 24. Rxd8+ Rxd8 25. Rxd8+ Bxd8 26. Nc5 Nxb2 27. Nxa6 Nd1 28. c4 bxc4 29. Nd4 Bb6 30. Nc2 Nxf2 31. a4 Nd3 32. Na3 c3 33. Nc2 Nb2 34. Nab4 Nxa4 35. Na2 Kf8 36. Kf3 Ke7 37. Ke4 Kf6 38. h4 Bf2 39. h5 Kg5 40. Kf3 Bc5 41. Nc1 h6 42. Ne2 Bd6 43. Nc1 Nb6 44. Nd3 Nd5 45. Nf2 f5 46. gxf5 exf5 0-1

[Event "Africa-ch U12"]
[Site "Windhoek"]
[Date "2019.12.16"]
[Round "2.2"]
[White "Simpson, Michael"]
[Black "Bertelsmann, Alexander"]
[Result "1-0"]
[WhiteElo "1580"]
[BlackElo "1331"]
[PlyCount "77"]
[EventDate "2019.12.16"]
[EventType "swiss"]
[EventRounds "9"]
[EventCountry "NAM"]
[SourceTitle "EXT 2024"]
[Source "ChessBase"]
[SourceDate "2023.10.10"]
[SourceVersion "1"]
[SourceVersionDate "2023.10.10"]
[SourceQuality "1"]

1. e4 c5 2. Nc3 e6 3. g3 a6 4. Bg2 Qc7 5. d3 Nc6 6. f4 b5 7. Nf3 Bb7 8. 0-0 Rc8 9. f5 Nf6 10. Qe1 Nd4 11. Rf2 Nxf3+ 12. Bxf3 Be7 13. g4 h5 14. g5 Ng4 15. Bxg4 hxg4 16. Bf4 Bd6 17. Qe3 c4 18. Bxd6 Qxd6 19. e5 Qc6 20. Ne4 Kd8 21. fxe6 Qxe6 22. Nd6 Kc7 23. Qc5+ Kb8 24. Nxc8 g3 25. Nd6 gxf2+ 26. Qxf2 Qg4+ 27. Kf1 Qh3+ 28. Ke2 Qg4+ 29. Ke1 Qf3 30. Qxf3 Bxf3 31. Kf2 Bd5 32. Kg3 Rh5 33. h4 Ka7 34. d4 Kb6 35. Rf1 Rh8 36. Nf5 g6 37. Ne7 Be4 38. Rxf7 Bxc2 39. Nd5+ 1-0

[Event "Sandton SWVG blitz op"]
[Site "Sandton"]
[Date "2019.05.19"]
[Round "6"]
[White "Uzenit, Tapera"]
[Black "Simpson, Michael"]
[Result "0-1"]
[WhiteElo "1937"]
[BlackElo "1473"]
[PlyCount "54"]
[EventDate "2019.05.19"]
[EventType "swiss (blitz)"]
[EventRounds "10"]
[EventCountry "RSA"]
[SourceTitle "CBM 190 Extra"]
[Source "ChessBase"]
[SourceDate "2019.07.15"]
[SourceVersion "1"]
[SourceVersionDate "2019.07.15"]
[SourceQuality "1"]

1. e4 c5 2. Nf3 a6 3. d4 cxd4 4. Nxd4 Nf6 5. Nc3 e5 6. Nb3 Bb4 7. Bd3 d5 8. exd5 e4 9. Be2 Nxd5 10. Bd2 Nxc3 11. bxc3 Be7 12. 0-0 0-0 13. Nd4 Qc7 14. Bg4 f5 15. Be2 Nc6 16. Rb1 Bf6 17. Be3 f4 18. Bc1 Rd8 19. Bb2 b5 20. Qd2 Bb7 21. Rfd1 Nxd4 22. cxd4 f3 23. Bf1 fxg2 24. Bxg2 Rac8 25. Rbc1 Be5 26. h3 Bf4 27. Qe2 Bxc1 0-1